00585nam a22001937a 4500003000900000005001700009008004100026040003300067041000800100080001300108245008300121260003000204300001700234650008200251650001100333650002100344942000700365999001900372LK-CoDNM20241002152019.0241002b |||||||| |||| 00| 0 eng d aLK-CoDNMdLK-CoDNMeLK-CoDNM aeng a104bNN6 a Annual Report Of The Archaeological Survey Of india, Eastern circle-1917-1918 aCulcttabThe begal Street a57p. : 32 cm aAnnual Report Of The Archaeological Survey Of india, Eastern circle-1917-1918 a104NN6 aThe begal Street cBK c217389d217389